[Event "Fyn-ch"]
[Site "Odense"]
[Date "2008.03.06"]
[Round "6"]
[White "Caceres, Cipriano Sande"]
[Black "Kristensen, Dan Wulff"]
[Result "1-0"]
[WhiteElo "1502"]
[BlackElo "1428"]
[PlyCount "99"]
[EventDate "2008.01.10"]
[EventType "swiss"]
[EventRounds "7"]
[EventCountry "DEN"]
[SourceTitle "EXT 2018"]
[Source "ChessBase"]
[SourceDate "2017.10.13"]
[SourceVersion "1"]
[SourceVersionDate "2017.10.13"]
[SourceQuality "1"]

1. c4 Nf6 2. Nc3 Nc6 3. g3 e5 4. Bg2 Bc5 5. e3 d6 6. Nge2 Be6 7. d4 exd4 8. exd4 Bb6 9. d5 Ng4 10. 0-0 Nce5 11. dxe6 fxe6 12. Nd4 Qf6 13. Ne4 Qg6 14. h3 h5 15. h4 Nxc4 16. Ng5 Bxd4 17. Qxd4 Nce5 18. Bxb7 Rb8 19. Bg2 0-0 20. Qe4 Rf5 21. f4 Qf6 22. Qe2 Nf7 23. Nxf7 Kxf7 24. Bh3 Qd4+ 25. Kg2 Rf8 26. Bxg4 hxg4 27. Qxg4 Ke7 28. Qf3 g5 29. hxg5 Rxg5 30. Qc6 Rc5 31. Qf3 e5 32. Re1 Rc2+ 33. Re2 Rxe2+ 34. Qxe2 Kd7 35. Be3 Qe4+ 36. Qf3 Qc2+ 37. Bf2 exf4 38. Re1 Qc6 39. Qxc6+ Kxc6 40. g4 Kd5 41. Kf3 Kc4 42. Rc1+ Kd3 43. Rxc7 Rb8 44. b3 d5 45. Rxa7 Kc2 46. Ra5 Kb2 47. Rxd5 Kxa2 48. Rd3 Rf8 49. b4 Rb8 50. Bc5 1-0